[Event "Open Ricany 2oo9"]
[Site "?"]
[Date "2009.08.24"]
[Round "4.11"]
[White "Postupa ,Martin"]
[Black "Fojtu ,Jan"]
[Result "1-0"]
[WhiteElo "1986"]
[BlackElo "2093"]

1. e4 c5 2. Nc3 Nc6 3. g3 d6 4. Bg2 g6 5. d3 Bg7 6. Be3 e6 7. Nh3 Nge7 8. O-O
O-O 9. Qd2 f5 10. Bh6 e5 11. Bxg7 Kxg7 12. f4 Rb8 13. Rae1 Qb6 14. b3 Qa5 15. a4
a6 16. Rf2 Nd4 17. fxe5 dxe5 18. exf5 Bxf5 19. Rxe5 Nec6 20. Re3 Bxh3 21. Bxh3
Rxf2 22. Kxf2 c4 23. Bg2 Rf8+ 24. Kg1 cxb3 25. cxb3 Ne5 26. b4 Qb6 27. Nd5 Qe6
28. Qc3 Qc6 29. Rxe5 1-0

[Event "Open Ricany 2oo9"]
[Site "?"]
[Date "2009.08.24"]
[Round "4.1"]
[White "Kulhanek ,Tomas"]
[Black "Mejzlik ,Ondrej"]
[Result "1/2-1/2"]
[WhiteElo "2444"]
[BlackElo "2206"]

1. Nf3 d5 2. g3 c5 3. Bg2 Nc6 4. O-O Nf6 5. d3 e5 6. e4 dxe4 7. dxe4 Bd6 8. c3
O-O 9. Nbd2 Bc7 10. Qe2 Qe7 11. Nc4 Be6 12. Bg5 h6 13. Bxf6 Qxf6 14. Ne3 Rfd8
15. a3 a6 16. Rad1 Ne7 17. h3 b5 18. Nh2 Bb3 19. Nhg4 Qe6 20. Rde1 Rd7 21. f4 f6
22. fxe5 Bxe5 23. Nxe5 Qxe5 24. Qg4 Rad8 25. Nf5 Nxf5 26. exf5 Qc7 27. Rf2 Re7
1/2-1/2

[Event "Open Ricany 2oo9"]
[Site "?"]
[Date "2009.08.24"]
[Round "4.15"]
[White "Vavrinec ,Tomas"]
[Black "Haman ,Jakub"]
[Result "0-1"]
[WhiteElo "2067"]
[BlackElo "1926"]

1. c4 e5 2. Nc3 Nc6 3. Nf3 f5 4. d3 Nf6 5. g3 Be7 6. Bg2 O-O 7. O-O d6 8. Rb1
h6 9. b4 Qe8 10. b5 Nd8 11. c5 e4 12. dxe4 fxe4 13. cxd6 Bxd6 14. Nd4 Nf7
15. Qc2 Qe5 16. Nxe4 Ng4 17. Nf3 Qe7 18. Nxd6 Nxd6 19. Ba3 Bf5 20. Qb3+ Kh8
21. Rbc1 Be6 22. Qa4 Qf7 23. h3 Nf6 24. Ne5 Qh5 25. f4 Bxh3 26. Rxc7 Bxg2
27. Kxg2 Qxe2+ 28. Rf2 Qxb5 29. Qd1 Nd5 30. Bxd6 Ne3+ 31. Kh2 Nxd1 32. Rd2 Ne3
33. Bxf8 Rxf8 34. Rf2 Rf5 35. g4 Rxe5 0-1

[Event "Open Ricany 2oo9"]
[Site "?"]
[Date "2009.08.24"]
[Round "4.29"]
[White "Pospisil ,Martin"]
[Black "Skala ,Jaromir"]
[Result "1/2-1/2"]
[WhiteElo "1868"]
[BlackElo "2065"]

1. d4 Nf6 2. Nf3 d5 3. Bf4 e6 4. e3 Be7 5. Nbd2 O-O 6. Bd3 c5 7. c3 Nc6 8. Ne5
Nxe5 9. dxe5 Nd7 10. Qh5 f5 11. g4 g6 12. Qh3 c4 13. Bc2 Nc5 14. Nf3 b5 15. gxf5
exf5 16. Rg1 Nd3+ 17. Bxd3 cxd3 18. Ng5 Bxg5 19. Bxg5 Qb6 20. Bf6 Rxf6 21. exf6
Qxf6 22. Qf3 Be6 23. Qf4 Rc8 24. Kd2 a5 25. Qd4 Qd8 26. b3 Qd6 27. h4 Qa3
28. Qxd3 b4 29. Rgc1 Qb2+ 30. Qc2 bxc3+ 31. Kd1 Kf7 32. Rab1 Qa3 33. f4 d4
34. exd4 Qb4 35. Qd3 Bd5 36. Ra1 Be4 37. Qe3 c2+ 38. Ke2 Rc3 39. Qd2 Bd3+
40. Kf2 Qxd4+ 41. Qe3 Qf6 42. Qa7+ Kg8 43. Qb8+ Kg7 44. Qe5 Be4 1/2-1/2

[Event "Open Ricany 2oo9"]
[Site "?"]
[Date "2009.08.24"]
[Round "4.16"]
[White "Svitak ,David"]
[Black "Moravec ,Vit"]
[Result "0-1"]
[WhiteElo "1865"]
[BlackElo "2053"]

1. e4 c5 2. Nf3 e6 3. d4 cxd4 4. Nxd4 a6 5. Nc3 Qc7 6. Be2 Nf6 7. O-O Be7 8. f4
d6 9. Qe1 O-O 10. Qg3 Re8 11. f5 e5 12. Nf3 b5 13. Bh6 Bf8 14. Bg5 Nbd7 15. Bd3
Bb7 16. Rae1 Kh8 17. Qh4 b4 18. Nd1 d5 19. Nd2 dxe4 20. Nxe4 Nxe4 21. Bxe4 Bxe4
22. Qxe4 Nf6 23. Bxf6 Qb6+ 24. Ne3 Qxf6 25. Nd5 Qc6 26. f6 Rad8 27. c4 bxc3
28. Nxc3 Bc5+ 29. Kh1 Qxe4 30. Nxe4 Bd4 31. fxg7+ Kxg7 32. b3 Re6 33. g4 Rc6
34. Rf5 Rd7 35. Ref1 Rc2 36. Nf6 Re7 37. Rh5 Rf2 38. Rxf2 Bxf2 39. g5 e4
40. Rxh7+ Kg6 41. h4 e3 42. Rh6+ Kf5 43. Nd5 e2 44. Rf6+ Ke5 45. Nxe7 e1=Q+
46. Kg2 Qg1+ 47. Kf3 Qg3+ 48. Ke2 Qe3+ 49. Kf1 Bxh4 50. Nc6+ Ke4 51. Rxf7 Qe1+
52. Kg2 Qg3+ 53. Kf1 Bxg5 54. Rf2 Be3 0-1

[Event "Open Ricany 2oo9"]
[Site "?"]
[Date "2009.08.24"]
[Round "4.2"]
[White "Kovar ,Vojtech"]
[Black "Vojta ,Tomas"]
[Result "0-1"]
[WhiteElo "2328"]
[BlackElo "2365"]

1. e4 c6 2. d4 d5 3. Nc3 dxe4 4. Nxe4 Nf6 5. Nxf6+ exf6 6. c3 Bd6 7. Bd3 O-O
8. Qc2 Kh8 9. Ne2 Qc7 10. h3 Be6 11. O-O Re8 12. Be3 c5 13. dxc5 Bxc5 14. Nd4
Bxd4 15. Bxd4 Nc6 16. Be3 Ne5 17. Be4 Re7 18. b3 Ng6 19. Rad1 Rae8 20. Rd4 b6
21. Rfd1 Nf8 22. c4 g6 23. Bf3 Nd7 24. Qc3 Ne5 25. Be2 Bc8 26. Rd6 Kg7 27. Qd4
Re6 28. c5 Nc6 29. Qf4 Ne5 30. Bb5 bxc5 31. Rd7 Bxd7 32. Rxd7 Qb6 33. Qa4 Nxd7
34. Bxd7 Rxe3 0-1

[Event "Open Ricany 2oo9"]
[Site "?"]
[Date "2009.08.24"]
[Round "4.12"]
[White "Vevera ,Radek"]
[Black "Ruzicka ml., Vaclav "]
[Result "0-1"]
[WhiteElo "2042"]
[BlackElo "2024"]

1. c4 e5 2. Nc3 Nf6 3. Nf3 Nc6 4. g3 d5 5. cxd5 Nxd5 6. Bg2 Be6 7. O-O Be7
8. d4 exd4 9. Nxd4 Nxd4 10. Qxd4 Bf6 11. Qa4+ c6 12. Nxd5 Bxd5 13. Rd1 b5
14. Qc2 Qb6 15. e4 Bc4 16. e5 Be7 17. b3 Bd5 18. Bxd5 cxd5 19. Rxd5 O-O 20. Bb2
Rac8 21. Qe2 b4 22. Rad1 Qg6 23. Rd7 Bg5 24. e6 Rc2 25. exf7+ Kh8 26. Qe5 h6
27. Re1 Kh7 28. Bd4 Bf6 29. Qe4 Bxd4 30. Qxd4 Rxf7 31. Rxf7 Qxf7 32. Qe4+ Qg6
33. Qxg6+ Kxg6 34. Re6+ Kf5 35. Ra6 Rc7 36. Ra4 Rb7 37. Kg2 Ke4 38. a3 Kd3
39. Rxb4 Rxb4 40. axb4 Kc3 41. b5 Kxb3 42. f4 Kc4 43. f5 Kxb5 44. g4 Kc5 45. h4
Kd5 46. g5 hxg5 47. hxg5 a5 48. Kf3 a4 49. Kf4 a3 50. f6 gxf6 51. g6 Ke6 0-1

[Event "Open Ricany 2oo9"]
[Site "?"]
[Date "2009.08.24"]
[Round "4.3"]
[White "Drabek ,Vojtech"]
[Black "Vokac ,Marek"]
[Result "0-1"]
[WhiteElo "2156"]
[BlackElo "2466"]

1. d4 Nf6 2. c4 g6 3. g3 Bg7 4. Bg2 O-O 5. Nf3 d6 6. O-O Nbd7 7. Nc3 e5 8. b3
a6 9. Bb2 Rb8 10. dxe5 dxe5 11. Qc2 Re8 12. e3 c6 13. Rac1 Nc5 14. Rfd1 Qa5
15. Ng5 Bf5 16. e4 Bg4 17. f3 Ne6 18. Nxe6 Bxe6 19. Rd3 Nd7 20. Re1 Nc5 21. Rdd1
b5 22. cxb5 axb5 23. Bc1 b4 24. Ne2 Nb7 25. Be3 Rbc8 26. Nc1 c5 27. Bf1 c4
28. bxc4 Bf8 29. Nb3 Qa4 30. Rd2 Rc6 31. Rc1 Rec8 32. Qb2 f6 33. Rdc2 Nd6 34. c5
Nb5 35. Bc4 Bxc4 36. Rxc4 Na3 37. Qd2 Nxc4 38. Rxc4 Ra6 39. Rxb4 Qxa2 40. Qd7
Qe2 41. Bd2 Ra1+ 0-1

[Event "Open Ricany 2oo9"]
[Site "?"]
[Date "2009.08.24"]
[Round "4.30"]
[White "Petras ,Milan"]
[Black "Hrdina ,Robin"]
[Result "0-1"]
[WhiteElo "2056"]
[BlackElo "1859"]

1. e4 d5 2. exd5 Nf6 3. d4 Nxd5 4. c4 Nb6 5. Nc3 e5 6. dxe5 Qxd1+ 7. Nxd1 Nc6
8. f4 Be6 9. Ne3 Bc5 10. Bd2 Bxe3 11. Bxe3 Nxc4 12. Bxc4 Bxc4 13. a3 O-O-O
14. Kf2 Rd3 15. Rc1 Ba6 16. Ne2 Rhd8 17. Rc3 Rd2 18. Bxd2 Rxd2 19. Re1 Nd4
20. Ke3 Rxe2+ 21. Rxe2 Nxe2 22. Rc2 Kd7 23. b4 c6 24. a4 Ke6 25. b5 cxb5
26. Rxe2 bxa4 27. Rd2 Bb5 28. g4 Bc6 29. Kd4 a6 30. f5+ Ke7 31. g5 g6 32. Rf2
Bd7 33. e6 fxe6 34. f6+ Kf7 35. Kc5 Bc6 36. Kb4 Bb5 37. Rd2 Bc6 38. Rd8 e5
39. Rh8 e4 40. Rxh7+ Kf8 41. Rg7 a5+ 42. Kc3 b5 43. Rxg6 b4+ 44. Kc2 e3 45. Rh6
Be4+ 46. Kc1 e2 47. Kd2 a3 48. Rh8+ Kf7 49. Rc8 a2 50. Rc7+ Kg6 51. Rg7+ Kh5
52. f7 a1=Q 0-1

[Event "Open Ricany 2oo9"]
[Site "?"]
[Date "2009.08.24"]
[Round "4.22"]
[White "Kaiser ,Rudolf"]
[Black "Skacel ,Jan"]
[Result "1/2-1/2"]
[WhiteElo "1961"]
[BlackElo "2070"]

1. e4 c5 2. Nf3 Nc6 3. d4 cxd4 4. c3 Nf6 5. e5 Nd5 6. Bc4 Nb6 7. Bb3 d5 8. exd6
Qxd6 9. O-O Bf5 10. cxd4 Bxb1 11. Rxb1 e6 12. Bg5 Be7 13. Bxe7 Qxe7 14. Re1
1/2-1/2

[Event "Open Ricany 2oo9"]
[Site "?"]
[Date "2009.08.24"]
[Round "4.39"]
[White "Eisner ,Oldrich"]
[Black "Macek ,Kamil"]
[Result "1/2-1/2"]
[WhiteElo "1828"]
[BlackElo "1940"]

1. e4 e5 2. Nf3 Nc6 3. Bc4 Nf6 4. d4 exd4 5. e5 d5 6. Bb5 Ne4 7. Nxd4 Bd7
8. Bxc6 bxc6 9. O-O Bc5 10. Nf3 Bg4 11. Be3 1/2-1/2

[Event "Open Ricany 2oo9"]
[Site "?"]
[Date "2009.08.24"]
[Round "4.10"]
[White "Groh ,Jiri"]
[Black "Boucek ,Vlastimil"]
[Result "1/2-1/2"]
[WhiteElo "2113"]
[BlackElo "2032"]

1. c4 e5 2. g3 Nc6 3. Bg2 g6 4. Nc3 Bg7 5. d3 d6 6. Nf3 h6 7. Rb1 Be6 8. b4 Qd7
9. b5 Nd8 10. O-O Bh3 11. d4 Bxg2 12. Kxg2 exd4 13. Nxd4 Ne7 14. e4 O-O 15. Be3
Ne6 16. Nd5 Kh7 17. f4 Nc5 18. Qf3 Nc8 19. f5 Be5 20. Nb3 c6 21. Nxc5 dxc5
22. Qg4 g5 1/2-1/2

[Event "Open Ricany 2oo9"]
[Site "?"]
[Date "2009.08.24"]
[Round "4.19"]
[White "Matejovsky ,Ondrej"]
[Black "Kubik ,Jaroslav"]
[Result "1/2-1/2"]
[WhiteElo "2085"]
[BlackElo "1975"]

1. d4 Nf6 2. Nf3 e6 3. Bg5 h6 4. Bh4 Be7 5. c4 c5 6. e3 Qa5+ 7. Qd2 Qxd2+
8. Nbxd2 d6 9. Bxf6 Bxf6 10. Ne4 Be7 11. dxc5 dxc5 12. O-O-O Nc6 13. Nd6+ Bxd6
14. Rxd6 Ke7 15. Rd2 b6 16. Bd3 Bb7 17. Be4 Rad8 18. Rhd1 Rxd2 19. Rxd2 f6
20. Nh4 Rd8 21. Ng6+ Ke8 22. Nf4 Rxd2 23. Kxd2 Ke7 24. a3 f5 25. Bf3 g5 26. Nd3
g4 27. Bxc6 Bxc6 28. g3 Kd6 29. Kc3 e5 30. b4 Be4 31. bxc5+ 1/2-1/2

[Event "Open Ricany 2oo9"]
[Site "?"]
[Date "2009.08.24"]
[Round "4.34"]
[White "Chromovsky ,Hynek"]
[Black "Vesecky ,Martin"]
[Result "1-0"]
[WhiteElo "1802"]
[BlackElo "1946"]

1. c4 Nf6 2. Nc3 g6 3. g3 Bg7 4. Bg2 O-O 5. d4 d6 6. e4 c5 7. d5 Nbd7 8. Nf3 a6
9. a4 Rb8 10. O-O b5 11. axb5 axb5 12. cxb5 Nb6 13. Nd2 Nfd7 14. Qc2 Qc7 15. Nb3
c4 16. Na5 Nc5 17. Be3 Nd3 18. Nc6 Rb7 19. b3 Nb4 20. Qb2 cxb3 21. Rab1 Nc4
22. Qe2 Nxe3 23. Qxe3 Na2 24. Na4 Rxb5 25. Rxb3 Ba6 26. Rfb1 Ra8 27. Qd2 Rxb3
28. Rxb3 Bb5 29. Rxb5 Rxa4 30. Rb8+ Bf8 31. Qb2 e5 32. Qb3 Ra6 33. Bf1 Nc1
34. Qb2 Rxc6 35. dxc6 Qxc6 36. Qb7 Qc5 37. Qe7 1-0

[Event "Open Ricany 2oo9"]
[Site "?"]
[Date "2009.08.24"]
[Round "4.32"]
[White "Petrun ,Milan"]
[Black "Skokan ,Frantisek"]
[Result "1/2-1/2"]
[WhiteElo "1966"]
[BlackElo "1854"]

1. e4 c5 2. Nf3 d6 3. d4 cxd4 4. Nxd4 Nf6 5. Nc3 a6 6. Be2 e5 7. Nb3 Be7 8. O-O
Be6 9. f4 exf4 10. Bxf4 Nbd7 11. Nd4 Rc8 12. Kh1 Qc7 13. Bg3 O-O 14. Qe1 b5
15. Nxe6 fxe6 16. a3 Nb6 17. Rd1 e5 18. Bd3 Nc4 19. Bxc4+ Qxc4 20. Bh4 Nd5
21. Nxd5 Bxh4 22. g3 Rxf1+ 23. Qxf1 Qxe4+ 24. Kg1 1/2-1/2

[Event "Open Ricany 2oo9"]
[Site "?"]
[Date "2009.08.24"]
[Round "4.20"]
[White "Matejka ,Vladimir"]
[Black "Postupa st. ,Pavel"]
[Result "1-0"]
[WhiteElo "1993"]
[BlackElo "2081"]

1. e4 Nf6 2. e5 Nd5 3. Nf3 d6 4. exd6 cxd6 5. d4 g6 6. Bc4 Nb6 7. Bb3 Bg7
8. O-O O-O 9. c3 Nc6 10. Re1 Bf5 11. Na3 Na5 12. Bc2 Bxc2 13. Nxc2 Nd5 14. Qe2
Rc8 15. Ne3 Nf4 16. Qf1 d5 17. g3 Nh5 18. Ng4 Nf6 19. Nxf6+ Bxf6 20. Bh6 Bg7
21. Bxg7 Kxg7 22. Qe2 e6 23. Rac1 a6 24. Kg2 b5 25. h4 h5 26. Ng5 Rc6 27. Qe5+
Qf6 28. Qxf6+ Kxf6 29. Nh7+ Kg7 30. Nxf8 Kxf8 31. Re2 b4 32. b3 Rxc3 33. Rxc3
bxc3 34. Rc2 Nc6 35. Rxc3 Nxd4 36. Rc8+ Ke7 37. Ra8 e5 38. Rxa6 e4 39. Ra4 Nf3
40. Kf1 Ke6 41. Rb4 Kd6 42. Rb6+ Kc5 43. Rf6 Ne5 44. Ke2 d4 45. Kd2 Kb4 46. Rd6
Nf3+ 47. Kc2 Kc5 48. Rf6 d3+ 49. Kc3 Ne5 50. a4 1-0

[Event "Open Ricany 2oo9"]
[Site "?"]
[Date "2009.08.24"]
[Round "4.25"]
[White "Koper ,Stefan"]
[Black "Marsalek ,Lubos"]
[Result "1-0"]
[WhiteElo "2024"]
[BlackElo "1955"]

1. d4 Nf6 2. c4 g6 3. Nc3 d5 4. Bg5 dxc4 5. e4 Bg7 6. Bxc4 c6 7. Nf3 Qa5
8. Bxf6 Bxf6 9. e5 Bg7 10. h4 Qb4 11. Qe2 b5 12. Bb3 e6 13. h5 Na6 14. hxg6 hxg6
15. Rxh8+ Bxh8 16. O-O-O Bd7 17. Ng5 Qe7 18. Nce4 Kd8 19. Qd2 Nb4 20. Nxf7+ Qxf7
21. Qxb4 Qf4+ 22. Nd2 Bxe5 23. Qa5+ Bc7 24. Qc3 Bb6 25. Kb1 Bxd4 26. Qd3 e5
27. f3 Bf5 28. Ne4 Bxe4 29. fxe4 Kc7 30. Rc1 Qg4 31. Qc2 Rh8 32. a4 a6 33. Bd5
c5 34. axb5 axb5 35. Qd2 b4 36. Qc2 Qg3 37. Qe2 Rh2 38. Qa6 1-0

[Event "Open Ricany 2oo9"]
[Site "?"]
[Date "2009.08.24"]
[Round "4.35"]
[White "Pataridis ,Janis"]
[Black "Zvara ,David"]
[Result "0-1"]
[WhiteElo "1919"]
[BlackElo "1830"]

1. Nf3 d5 2. d4 Nf6 3. b3 Bf5 4. Bb2 e6 5. e3 Nbd7 6. Nbd2 Bd6 7. a3 c6 8. Ne5
Ne4 9. Nxd7 Qxd7 10. Nf3 f6 11. Bd3 Bg6 12. Nh4 f5 13. g3 Nf6 14. Be2 Bf7
15. Nf3 Qc7 16. Rc1 Qe7 17. a4 h6 18. Ne5 Bxe5 19. dxe5 Nd7 20. c4 dxc4 21. bxc4
O-O 22. O-O Rfd8 23. Qb3 b6 24. Ba3 c5 25. Bb2 Be8 26. Rcd1 Rac8 27. Rd3 Nb8
28. Rfd1 Nc6 29. Rd6 Na5 30. Qc2 Nb7 31. Rxd8 Rxd8 32. Bf3 Rxd1+ 33. Qxd1 Na5
34. Qc2 Qd7 35. g4 Qxa4 36. Qxa4 Bxa4 37. gxf5 exf5 38. Bd5+ Kf8 39. e6 g6
40. Bf6 Bc6 41. Bc3 Bxd5 42. cxd5 Nc4 43. f3 Nd6 44. Kf2 Ke7 45. Ke2 b5 46. Bg7
h5 47. Bh6 c4 48. Bg5+ Ke8 49. Bf4 Nb7 50. d6 Nd8 51. d7+ Ke7 52. Bg5+ Kxe6
53. Bxd8 Kxd7 54. Ba5 Ke6 55. e4 g5 56. Ke3 f4+ 57. Kd4 g4 58. fxg4 hxg4 59. Bd2
f3 60. Ke3 Ke5 61. Bc3+ Ke6 62. Be1 Ke5 63. Bg3+ Ke6 64. Kd4 a5 65. Kc5 a4
66. Kb4 Kf6 67. Ka3 c3 68. Be1 b4+ 69. Ka2 Ke5 70. Kb1 Kxe4 71. Bf2 Kd3 72. Bc5
b3 73. Kc1 Ke2 0-1

[Event "Open Ricany 2oo9"]
[Site "?"]
[Date "2009.08.24"]
[Round "4.5"]
[White "Herejk ,Petr"]
[Black "Adamik ,Frantisek"]
[Result "1-0"]
[WhiteElo "2174"]
[BlackElo "1882"]

1. e4 c5 2. Nf3 d6 3. d4 cxd4 4. Nxd4 Nf6 5. Nc3 a6 6. Bg5 e6 7. f4 Qb6 8. Qd2
h6 9. Bxf6 gxf6 10. O-O-O Nc6 11. Nb3 Bd7 12. Be2 O-O-O 13. Bh5 Rh7 14. Kb1 Na5
15. Nd5 exd5 16. Nxa5 dxe4 17. Nc4 Qc7 18. Qd4 Be6 19. Nb6+ Kb8 20. Nd5 Qc6
21. Qxe4 f5 22. Qd3 Rc8 23. Bf3 Qc4 24. Qxc4 Rxc4 25. b3 Rc5 26. Nf6 Rh8 27. Ne8
b5 28. Rhe1 d5 29. Nf6 d4 30. Rxd4 Kc8 31. Ne8 h5 32. Red1 Be7 33. Nd6+ Kb8
34. Nb7 Rc7 35. Nd8 h4 36. Nc6+ Kc8 37. Nxe7+ Rxe7 38. Rd6 Ra7 39. Rc6+ Kb8
40. Rdd6 Bc8 41. Rb6+ Kc7 42. Kb2 Re8 43. Rdc6+ Kd7 44. Rh6 Kc7 45. Rbc6+ Kd7
46. Bd5 Bb7 47. Rcd6+ Kc7 48. Bxb7 Kxb7 49. Rxh4 Re2 50. g3 Kc7 51. Rf6 Kd8
52. Rhh6 Kc7 53. Rxf5 f6 54. Rh7+ 1-0

[Event "Open Ricany 2oo9"]
[Site "?"]
[Date "2009.08.24"]
[Round "4.26"]
[White "Schmalz ,Michal"]
[Black "Hajek ,Jiri"]
[Result "1-0"]
[WhiteElo "1996"]
[BlackElo "1823"]

1. e4 g6 2. d4 Bg7 3. Nc3 d6 4. Be3 Nd7 5. Nf3 c6 6. a4 Ngf6 7. h3 O-O 8. Bc4
Nxe4 9. Nxe4 d5 10. Bd3 dxe4 11. Bxe4 Nf6 12. Bd3 Nd5 13. O-O Nxe3 14. fxe3 Qc7
15. Qe2 e5 16. c3 b6 17. a5 bxa5 18. Ra4 Bb7 19. Nxe5 Bxe5 20. dxe5 Qxe5
21. Rfa1 Rfe8 22. Rxa5 Qxe3+ 23. Qxe3 Rxe3 24. Bf1 a6 25. Bxa6 Rxa6 26. Rxa6
Bxa6 27. Rxa6 Re2 28. b4 Re6 29. Kf2 Kf8 30. Kf3 Ke7 31. c4 f6 32. Ra7+ Kd6
33. Rxh7 Ke5 34. Rd7 f5 35. c5 g5 36. Rd2 Rg6 37. Ke3 Re6 38. Re2 Rg6 39. Kd3+
Kd5 40. Re8 g4 41. Rd8+ Ke5 42. Rd6 Rg7 43. Rxc6 gxh3 44. gxh3 Rg3+ 45. Ke2 Rxh3
46. b5 Rb3 47. b6 Ke4 48. Rc7 Rb2+ 49. Ke1 Ke3 50. Kd1 Kd3 51. Kc1 Kc3 52. b7 f4
53. c6 f3 54. Rf7 1-0

[Event "Open Ricany 2oo9"]
[Site "?"]
[Date "2009.08.24"]
[Round "4.28"]
[White "Pospisil ,Evzen"]
[Black "Berg ,Antonin"]
[Result "1-0"]
[WhiteElo "2208"]
[BlackElo "1890"]

1. d4 d5 2. Bf4 e6 3. e3 Bd6 4. Bg3 Nf6 5. Nd2 O-O 6. Bd3 Nbd7 7. Ngf3 Qe7
8. Ne5 c5 9. c3 Re8 10. f4 a6 11. Bh4 Qf8 12. O-O g6 13. Rf3 Nh5 14. Qa4 Nxe5
15. fxe5 Be7 16. Bf6 c4 17. Be2 b5 18. Qd1 a5 19. Qe1 Nxf6 20. exf6 Bd6 21. Qh4
e5 22. Rf2 e4 23. Nf1 b4 24. h3 Bd7 25. Bg4 Red8 26. Bxd7 Rxd7 27. Nh2 Bxh2+
28. Kxh2 Qd6+ 29. Kg1 bxc3 30. bxc3 Rb7 31. Qh6 Qf8 32. Qg5 Rb5 33. Rf5 Rd8
34. Re5 h6 35. Qf4 Rdb8 36. a4 Rb1+ 37. Rxb1 Rxb1+ 38. Kh2 Kh7 39. Rxd5 Rc1
40. Qxe4 Rxc3 41. Rxa5 Qb8+ 42. Qe5 Qxe5+ 43. Rxe5 Rd3 44. Kg3 Ra3 45. a5 c3
46. Rc5 c2 47. Kf4 Rxa5 48. Rxc2 Rf5+ 49. Ke4 Rxf6 50. d5 Rd6 51. Ke5 Rd8 52. d6
Kg7 53. Rc7 Kf8 54. e4 Ke8 55. Re7+ Kf8 56. Kd5 Ra8 57. e5 Ra2 58. g4 Rh2
59. Kc6 Rxh3 60. Kd7 Ra3 61. Re8+ Kg7 62. Ke7 h5 63. gxh5 gxh5 64. d7 Ra7
65. Kd6 Ra6+ 66. Kd5 1-0

[Event "Open Ricany 2oo9"]
[Site "?"]
[Date "2009.08.24"]
[Round "4.9"]
[White "Dolezal ,Radoslav"]
[Black "Postupa ml. ,Pavel"]
[Result "1/2-1/2"]
[WhiteElo "2027"]
[BlackElo "2131"]

1. e4 c5 2. c3 d5 3. exd5 Qxd5 4. d4 Nc6 5. Nf3 Bg4 6. Be2 cxd4 7. cxd4 e6
8. O-O Nf6 9. Nc3 Qa5 10. Qb3 Qb4 11. Qxb4 Bxb4 12. Be3 O-O 13. Rac1 Rfd8
14. Rfd1 Bd6 15. h3 Bh5 16. Kf1 Ne7 17. Ne5 Bxe2+ 18. Kxe2 Nfd5 19. Ne4 Nxe3
20. fxe3 Bxe5 21. dxe5 Rxd1 22. Kxd1 Rc8 23. Rxc8+ Nxc8 24. Nc5 b6 25. Nd3 Kf8
26. Kd2 Ke8 27. Kc3 Ne7 28. e4 Kd7 29. Kc4 Kc6 30. a4 a6 31. Nb4+ Kb7 32. Nd3 a5
33. b4 axb4 34. Nxb4 Ng6 35. Nd3 Ka6 36. g3 Ka5 37. Kb3 Ka6 38. Kc4 Ka5 39. Kb3
Ne7 40. Nb4 g5 41. h4 gxh4 42. gxh4 h5 43. Ka3 b5 44. axb5 Kxb5 45. Kb3 Ng6
46. Nd3 Nxh4 47. Nf4 Nf3 48. Nxh5 Nd2+ 49. Kc3 Nxe4+ 50. Kd4 Nc5 51. Nf6 Kb4
52. Ne8 Nb3+ 53. Ke4 Kc5 54. Nf6 Nd2+ 55. Ke3 Nf1+ 56. Ke4 Nd2+ 57. Ke3 Nc4+
58. Ke4 Kc6 59. Kd4 Nb6 60. Ne4 Kd7 61. Ng5 Ke7 62. Ne4 Nd7 63. Ng3 Kf8 64. Ke4
Kg7 65. Kf4 Kg6 66. Ne4 Nb6 67. Nf2 Nd5+ 68. Ke4 Kg5 69. Nh3+ Kg4 70. Nf2+ Kg3
71. Nd1 Ne7 {Dale necitelne} 1/2-1/2

[Event "Open Ricany 2oo9"]
[Site "?"]
[Date "2009.08.24"]
[Round "4.7"]
[White "Straka ,Vojtech"]
[Black "Sindler ,Michal"]
[Result "1/2-1/2"]
[WhiteElo "2039"]
[BlackElo "2163"]

1. d4 Nf6 2. c4 g6 3. Nc3 Bg7 4. e4 O-O 5. Bd3 d6 6. Nge2 e5 7. d5 a5 8. O-O
Na6 9. a3 Bd7 10. Bc2 Qe7 11. Ng3 h5 12. Bg5 Qe8 13. Ba4 Nh7 14. Bxd7 Qxd7
15. Be3 Nf6 16. h3 Kh7 17. Rb1 a4 18. Bg5 Nc5 19. f4 exf4 20. Rxf4 Ne8 21. Rf3
1/2-1/2

[Event "Open Ricany 2oo9"]
[Site "?"]
[Date "2009.08.24"]
[Round "4.13"]
[White "Havlicek ,Pavel"]
[Black "Voracek ,Zdenek"]
[Result "0-1"]
[WhiteElo "1774"]
[BlackElo "2075"]

1. e4 Nf6 2. e5 Nd5 3. d4 d6 4. Nf3 Bg4 5. Be2 e6 6. Nbd2 Be7 7. O-O O-O 8. c3
Nf4 9. Nc4 Nxe2+ 10. Qxe2 d5 11. Ne3 Bh5 12. Nc2 Nd7 13. Bf4 b5 14. Qe3 Nb6
15. Nd2 a5 16. b3 Bg6 17. Rfc1 h6 18. Qg3 Rc8 19. b4 Nc4 20. a3 Ra8 21. Nb3 Nb2
22. Nxa5 Nd3 23. Nc6 Qd7 24. Nxe7+ Qxe7 25. Bxh6 gxh6 26. Rd1 Nb2 27. Rd2 Qg5
28. f4 Qxg3 29. hxg3 Nc4 30. Rf2 Bxc2 31. Rxc2 Ra4 0-1

[Event "Open Ricany 2oo9"]
[Site "?"]
[Date "2009.08.24"]
[Round "4.41"]
[White "Hatas ,Radim"]
[Black "Vlcek ,Marek"]
[Result "1/2-1/2"]
[WhiteElo "1773"]
[BlackElo "1972"]

1. e4 d5 2. exd5 Nf6 3. d4 Nxd5 4. Nf3 Bg4 5. Be2 Nc6 6. O-O Qd7 7. c4 Nb6
8. b3 Bxf3 9. Bxf3 Nxd4 10. Bxb7 Rb8 11. Ba6 g6 12. c5 Na8 13. Nc3 Bg7 14. Rb1
c6 15. Bb2 O-O 16. Ne2 Nc7 17. Bxd4 Bxd4 18. Qxd4 Qxd4 19. Nxd4 Nxa6 20. Nxc6
Rb7 21. Rfe1 e6 22. Rec1 Rc8 23. Ne5 Rxc5 24. Rxc5 Nxc5 25. Rc1 Rb5 26. Nc6 a6
27. Kf1 Nd3 28. Rc3 Nf4 29. a4 Rh5 30. Rc4 Nd5 31. h4 Kg7 32. a5 1/2-1/2

[Event "Open Ricany 2oo9"]
[Site "?"]
[Date "2009.08.25"]
[Round "5.14"]
[White "Adamik ,Frantisek"]
[Black "Groh ,Jiri"]
[Result "0-1"]
[WhiteElo "1882"]
[BlackElo "2113"]

1. c4 Nf6 2. Nc3 g6 3. e4 c5 4. e5 Ng8 5. f4 d6 6. Nf3 Nc6 7. exd6 e6 8. d4
Bxd6 9. Be2 Nf6 10. Ne5 Nxd4 11. O-O O-O 12. Nb5 Be7 13. b3 Nd7 14. Ng4 h5
15. Ne3 Nxb5 16. cxb5 Bf6 17. Rb1 Nb6 18. Bxh5 Qxd1 19. Bxd1 Nd5 20. Nxd5 exd5
21. Bc2 Bg4 22. Bb2 Bxb2 23. Rxb2 Be2 24. Re1 Bxb5 25. Re7 Rfe8 26. Rxe8+ Rxe8
27. Kf2 0-1

[Event "Open Ricany 2oo9"]
[Site "?"]
[Date "2009.08.25"]
[Round "5.34"]
[White "Skokan ,Frantisek"]
[Black "Havelka ,Petr"]
[Result "1/2-1/2"]
[WhiteElo "1854"]
[BlackElo "1936"]

1. e4 d5 2. exd5 Qxd5 3. Nc3 Qa5 4. d4 Nf6 5. Nf3 Bg4 6. Bc4 e6 7. O-O c6 8. h3
Bxf3 9. Qxf3 Be7 10. a3 O-O 11. b4 Qc7 12. Re1 Nbd7 13. Bg5 Nb6 14. Bd3 Nbd5
15. Nxd5 cxd5 1/2-1/2

[Event "Open Ricany 2oo9"]
[Site "?"]
[Date "2009.08.25"]
[Round "5.22"]
[White "Zvára ,David"]
[Black "Polák ,Benedikt"]
[Result "1/2-1/2"]
[WhiteElo "1830"]
[BlackElo "2075"]

1. e4 c5 2. Nf3 d6 3. Bb5+ Nd7 4. O-O a6 5. Bxd7+ Bxd7 6. c3 Bc6 7. Re1 Nf6
8. e5 dxe5 9. Nxe5 Rc8 10. d3 e6 11. Bg5 Be7 12. Nd2 O-O 13. Ndf3 Nd5 14. Bxe7
Nxe7 15. d4 Bxf3 16. Qxf3 cxd4 1/2-1/2

[Event "Open Ricany 2oo9"]
[Site "?"]
[Date "2009.08.25"]
[Round "5.18"]
[White "Hadrava ,Jaroslav"]
[Black "Pospisil ,Evzen"]
[Result "0-1"]
[WhiteElo "1963"]
[BlackElo "2209"]

1. e4 c5 2. Nf3 d6 3. d4 cxd4 4. Nxd4 Nf6 5. Nc3 g6 6. f4 Nbd7 7. Bb5 a6
8. Bxd7+ Nxd7 9. O-O Bg7 10. Kh1 O-O 11. Nf3 b5 12. a4 Bb7 13. axb5 axb5
14. Rxa8 Qxa8 15. Nd5 Bxd5 16. Qxd5 Qxd5 17. exd5 Nb6 18. Rd1 Ra8 19. Be3 Nc4
20. Bd4 Nxb2 21. Rb1 Na4 22. Rxb5 Bxd4 0-1